Obras completas.

Uloženo v:
Podrobná bibliografie
Hlavní autor: Dostoyevski, Fiodor M Dostoyevski, Fedor Mihajlovic (autor)
Další autoři: Cansinos Asens, Rafael (traducción directa del ruso, introducción, prólogos, notas y censo de personajes.)
Médium: Kniha
Vydáno: Madrid, España: Aguilar, 1968
Vydání:Séptima edición.
Témata:
Tagy: Přidat tag
Žádné tagy, Buďte první, kdo vytvoří štítek k tomuto záznamu!

MARC

LEADER 00000nam a22000007a 4500
003 CL-VaPUC
005 20220822114502.0
008 220606b1968 ||||| |||| 00| 0 eng d
999 |c 435997  |d 435995 
040 |c Pontificia Universidad Católica de Valparaíso 
082 7 |a 891.73 DOS 1968  |2 22 
100 1 |a Dostoyevski, Fiodor M   |e autor  |q Dostoyevski, Fedor Mihajlovic  |9 870266 
245 |a Obras completas.  
250 |a Séptima edición.  
260 |a Madrid, España:   |b Aguilar,   |c 1968 
300 |a Tomo 1; 1556 páginas. 
500 |a T.I.c.1.- Donación Familia Prof. Alejandro Guzmán Brito. 
505 |a T.I. (1844-1965) 
583 |c 20220606  |k Cristina María Rojas Aguilar 
650 |a Literatura rusa  |9 318370 
650 |a Novela rusa   |y Siglo 19  |9 870267 
700 |a Cansinos Asens, Rafael  |e traducción directa del ruso, introducción, prólogos, notas y censo de personajes.  |9 870268 
942 |2 ddc  |c BK  |n 0 
952 |0 0  |1 0  |2 ddc  |4 0  |6 891_730000000000000_DOS_1968  |7 0  |8 C_AGB  |9 583667  |a BIBDER  |b BIBDER  |d 2022-06-13  |e Donación   |h t.I  |i 5651794  |o 891.73 DOS 1968  |p 5651794  |r 2023-01-25  |t 1  |w 2022-06-13  |y BK_US  |k AGB